García's Peru: one last chance /
El advenimiento de Allan García a la presidencia peruana, dado el complejo carácter de la crisis estructural del Perú, marca una nueva etapa en la historia de ese país. Según los analistas, esa administración debe planear y ejecutar soluciones efectivas que logren cambios radicales en favor de la ma...
Na minha lista:
| Autor principal: | |
|---|---|
| Outros Autores: | , |
| Formato: | Texto |
| Assuntos: | |
| Tags: |
Adicionar Tag
Sem tags, seja o primeiro a adicionar uma tag!
|
MARC
| LEADER | 00000 a a2200000 04500 | ||
|---|---|---|---|
| 001 | 9876 | ||
| 003 | |||
| 040 | |||
| 100 | |a Berríos, Rubén | ||
| 245 | |a García's Peru: |b one last chance / |c Rubén Berríos ; Raúl González ; Carol Wise | ||
| 520 | |a El advenimiento de Allan García a la presidencia peruana, dado el complejo carácter de la crisis estructural del Perú, marca una nueva etapa en la historia de ese país. Según los analistas, esa administración debe planear y ejecutar soluciones efectivas que logren cambios radicales en favor de la mayoría. El estudio de ese 'período de transición' incluye el examen retrospectivo del estado y gobierno peruanos desde los años sesenta hasta 1986, y se analizan los siguientes temas: -primera y segunda administración de Fernando Belaunde y el fracaso de la democracia liberal |a -la crisis económica: causas internacionales-externas, características, contradicciones, deuda externa, procesos de pauperización, acciones del FMI y el Banco Mundial, las transnacionales, etc |a -crisis y absolescencia de las estructuras administrativas del estado peruano |a -conflictos en torno a la distribución de la tierra: proyectos de reforma agraria |a -militarización del Perú: el poder castrense y el papel político de las fuerzas armadas |a -conflictos sociales, lucha de clases, represión del ejército sobre la población civil |a -la guerrilla peruana: el grupo Sendero Luminoso es objeto de un profundo análisis que usca aprehender su estructuración interna, sus objetivos y planes. ABB/mb | ||
| 650 | |a MILITARISMO | ||
| 650 | |a RELACIONES ECONOMICAS | ||
| 650 | |a VIOLENCIA | ||
| 650 | |a TERRORISMO | ||
| 650 | |a GUERRILLEROS | ||
| 650 | |a FUERZAS ARMADAS | ||
| 650 | |a GOBIERNO | ||
| 650 | |a CONDICIONES ECONOMICAS | ||
| 650 | |a RECESION ECONOMICA | ||
| 650 | |a FMI | ||
| 700 | |a González, Raúl | ||
| 700 | |a Wise, Carol | ||
| 773 | |g volumen 20, número 3; páginas 13-47 | ||
| 999 | |c 35651 |d 35651 | ||
